| 000 | 00653cam a22002291 4500 | ||
|---|---|---|---|
| 001 | sa 63001042 | ||
| 003 | DLC | ||
| 005 | 20260227111925.0 | ||
| 008 | 750401s1962 ii 000 0 eng | ||
| 010 | _asa 63001042 | ||
| 035 | _a(OCoLC)1246406 | ||
| 040 |
_aDLC _cPPT _dOCoLC _dDLC |
||
| 042 | _apremarc | ||
| 050 | 0 | 0 |
_aDS432.R3 _bB3 |
| 100 | 1 | _aBanerjee, Anil Chandra. | |
| 245 | 1 | 0 | _aLectures on Rajput history. |
| 250 | _a[1st ed.] | ||
| 260 |
_aCalcutta, _bFirma K.L. Mukhopadhyay, _c1962. |
||
| 300 |
_a192 p. _c23 cm. |
||
| 490 | 0 |
_aRaghunath Prasad Nopany lectures, Calcutta University, _v1960 |
|
| 650 | 0 |
_aRajput (Indic people) _xHistory. |
|
| 999 |
_c53786 _d53786 |
||